| 000 | 00703nam a2200265Ia 4500 | ||
|---|---|---|---|
| 003 | OSt | ||
| 005 | 20220926013112.0 | ||
| 006 | a|||||r|||| 00| 0 | ||
| 007 | ta | ||
| 008 | 220923b |||||||| |||| 00| 0 eng d | ||
| 020 | _a0060437626 | ||
| 037 | _cGeneral Book | ||
| 040 |
_aRTL _cRTL _beng |
||
| 041 |
_2eng _aeng |
||
| 082 | _aX:514, M2,M9 | ||
| 100 | _aKossen Stan | ||
| 245 | 0 | _aCreative setting today | |
| 250 | _a3 | ||
| 260 |
_aNew York _bHarper and Row _c1989 |
||
| 300 |
_axvi,475p _ccm. |
||
| 500 | _aAppendix: p 419-450; Glossary:p 451-465 | ||
| 650 |
_aSalesmanship _9229886 |
||
| 942 |
_hX:514, M2,M9 _cGB _2CC |
||
| 999 |
_c625167 _d625167 |
||